[Event "Caribbean-ch (Women)"]
[Site "Carolina"]
[Date "2023.10.29"]
[Round "6"]
[White "Juarez Garcia, Daniela"]
[Black "Rondon Chacon, Yolys Desiree"]
[Result "1/2-1/2"]
[WhiteElo "1577"]
[BlackElo "1687"]
[PlyCount "58"]
[EventDate "2023.10.25"]
[EventType "swiss"]
[EventRounds "9"]
[EventCountry "PUR"]
[SourceTitle "CB48_2023"]
[SourceDate "2023.11.29"]
[SourceVersion "1"]
[SourceVersionDate "2023.11.29"]
[SourceQuality "1"]

1. e4 c6 2. d4 d5 3. exd5 cxd5 4. h3 h6 5. Nf3 Nf6 6. c3 Nc6 7. Bd3 e6 8. Bf4 Bd6 9. Bxd6 Qxd6 10. 0-0 0-0 11. Re1 Bd7 12. Ne5 Rac8 13. Nd2 a6 14. Nb3 Qc7 15. g4 Rfd8 16. h4 Nxe5 17. dxe5 Ne4 18. Qe2 Qxe5 19. Nd4 Qf4 20. Bxe4 dxe4 21. Qxe4 Qxe4 22. Rxe4 Bc6 23. Nxc6 Rxc6 24. Rae1 Rd2 25. R1e2 Rcd6 26. Kf1 Kf8 27. Rb4 Rd1+ 28. Re1 Rxe1+ 29. Kxe1 Rd7 1/2-1/2

[Event "Olympiad Women-44"]
[Site "Chennai"]
[Date "2022.08.06"]
[Round "8.2"]
[White "Juarez Garcia, Daniela"]
[Black "Johannsdottir, Johanna Bjorg"]
[Result "0-1"]
[WhiteElo "1725"]
[BlackElo "1976"]
[PlyCount "96"]
[EventDate "2022.07.29"]
[EventType "team-swiss"]
[EventRounds "11"]
[EventCountry "IND"]
[SourceTitle "CBM 210"]
[Source "ChessBase"]
[SourceDate "2022.10.31"]
[SourceVersion "1"]
[SourceVersionDate "2022.10.31"]
[SourceQuality "1"]
[WhiteTeam "Guatemala (W)"]
[BlackTeam "Iceland (W)"]
[WhiteTeamCountry "GUA"]
[BlackTeamCountry "ISL"]

1. e4 c5 2. c3 Nf6 3. e5 Nd5 4. d4 cxd4 5. cxd4 Nc6 6. Bc4 e6 7. Nf3 d6 8. 0-0 dxe5 9. dxe5 Ndb4 10. Na3 Qxd1 11. Rxd1 a6 12. Be3 Be7 13. Bb6 0-0 14. Bb3 Nd5 15. Nc4 a5 16. Nd4 Nxe5 17. Nxe5 Nxb6 18. a4 Bf6 19. Nc4 Nxc4 20. Bxc4 b6 21. b3 Bb7 22. Rac1 Bg5 23. Rc3 Rad8 24. Be2 Bf6 25. Rcd3 Be4 26. Re3 Bg6 27. Nb5 Rxd1+ 28. Bxd1 Rd8 29. Be2 h6 30. Kf1 Rd2 31. Ke1 Rb2 32. g3 Be7 33. Bd1 Bc5 34. Rc3 Bb4 35. Kf1 Bxc3 36. Nxc3 Bc2 37. Bxc2 Rxc2 38. Nb5 Rd2 39. Ke1 Rd3 40. h3 Rxb3 41. Kd2 Rb2+ 42. Ke3 Rb4 43. Nc3 f5 44. f3 Kf7 45. h4 g5 46. h5 Kf6 47. f4 gxf4+ 48. gxf4 Ke7 0-1

[Event "Olympiad Women-44"]
[Site "Chennai"]
[Date "2022.07.30"]
[Round "2.2"]
[White "Sy Mame, Binta"]
[Black "Juarez Garcia, Daniela"]
[Result "0-1"]
[WhiteElo "1256"]
[BlackElo "1725"]
[PlyCount "56"]
[EventDate "2022.07.29"]
[EventType "team-swiss"]
[EventRounds "11"]
[EventCountry "IND"]
[SourceTitle "CBM 210"]
[Source "ChessBase"]
[SourceDate "2022.10.31"]
[SourceVersion "1"]
[SourceVersionDate "2022.10.31"]
[SourceQuality "1"]
[WhiteTeam "Senegal (W)"]
[BlackTeam "Guatemala (W)"]
[WhiteTeamCountry "SEN"]
[BlackTeamCountry "GUA"]

1. e4 e5 2. Nf3 Nc6 3. Nc3 Bc5 4. Bc4 Nf6 5. Ng5 0-0 6. Nd5 Nxd5 7. Bxd5 Qxg5 8. 0-0 Qg6 9. d3 d6 10. Qf3 Nd4 11. Qg3 Ne2+ 12. Kh1 Nxg3+ 13. fxg3 c6 14. Bb3 Be6 15. c4 f5 16. Bc2 fxe4 17. Re1 exd3 18. Bb3 Bb4 19. Rd1 Bg4 20. Rg1 d2 21. Bxd2 Bxd2 22. c5+ d5 23. Bd1 Bxd1 24. Rgxd1 Rf2 25. Kg1 Raf8 26. Rf1 Rxf1+ 27. Rxf1 Be3+ 28. Rf2 Qb1# 0-1

[Event "Ibague op"]
[Site "Ibague"]
[Date "2021.10.21"]
[Round "3"]
[White "Tobar Beltran, Carlos Andres"]
[Black "Juarez Garcia, Daniela"]
[Result "1/2-1/2"]
[WhiteElo "1776"]
[BlackElo "1523"]
[PlyCount "68"]
[EventDate "2021.10.20"]
[EventType "swiss"]
[EventRounds "9"]
[EventCountry "COL"]
[SourceTitle "CBM 204 Extra"]
[Source "ChessBase"]
[SourceDate "2021.11.30"]
[SourceVersion "1"]
[SourceVersionDate "2021.11.30"]
[SourceQuality "1"]

1. d4 d5 2. Bf4 Bf5 3. e3 Nf6 4. Nf3 e6 5. Bd3 Bxd3 6. Qxd3 c5 7. Qb5+ Qd7 8. Qxd7+ Nbxd7 9. h3 h6 10. Nbd2 Be7 11. 0-0 0-0 12. Rac1 b5 13. b3 Rac8 14. c4 bxc4 15. bxc4 Nb6 16. cxd5 Nfxd5 17. Bg3 c4 18. e4 Nb4 19. Ne5 c3 20. Nb3 c2 21. Na1 Nxa2 22. Rxc2 Rxc2 23. Nxc2 Rc8 24. Ne3 Nb4 25. Ra1 a6 26. f3 Ra8 27. Bf2 a5 28. N3c4 Nxc4 29. Nxc4 Bd8 30. Ra4 Kf8 31. Be1 Nc2 32. Bc3 Rc8 33. Bxa5 Nxd4 34. Bxd8 Rxd8 1/2-1/2

[Event "Manizales Las Americas op-B"]
[Site "Manizales"]
[Date "2021.10.16"]
[Round "5"]
[White "Calle, Edwin Fernando"]
[Black "Juarez Garcia, Daniela"]
[Result "1-0"]
[WhiteElo "1893"]
[BlackElo "1421"]
[PlyCount "85"]
[EventDate "2021.10.14"]
[EventType "swiss"]
[EventRounds "9"]
[EventCountry "COL"]
[SourceTitle "EXT 2023"]
[Source "ChessBase"]
[SourceDate "2022.10.05"]
[SourceVersion "1"]
[SourceVersionDate "2022.10.05"]
[SourceQuality "1"]

1. e4 e5 2. Nf3 Nc6 3. Bb5 a6 4. Bxc6 dxc6 5. d4 exd4 6. Qxd4 Qxd4 7. Nxd4 Bd6 8. Nc3 Ne7 9. 0-0 0-0 10. Re1 f6 11. Be3 Re8 12. Nce2 Ng6 13. f3 c5 14. Nb3 b6 15. Nc3 Bb7 16. Rad1 Rad8 17. Kf2 Ne5 18. g3 g5 19. h3 Ng6 20. Nd2 h5 21. Nc4 Be5 22. Nd5 Bxd5 23. exd5 h4 24. gxh4 Nxh4 25. Bxg5 Bd4+ 26. Be3 Rxd5 27. c3 Bxe3+ 28. Nxe3 Rde5 29. Rd7 R8e7 30. Rxe7 Rxe7 31. Rd1 Kf7 32. Rd5 Kg6 33. Rd8 Nf5 34. Rg8+ Rg7 35. Nxf5 Rxg8 36. Ne7+ Kg7 37. Nxg8 Kxg8 38. Ke3 Kf7 39. Ke4 Kg6 40. f4 c6 41. h4 b5 42. h5+ Kf7 43. Kf5 1-0

[Event "Online Olym Div2 E"]
[Site "Chess.com INT"]
[Date "2021.09.04"]
[Round "7.3"]
[White "Diaz Charpentier, Kristel Melissa"]
[Black "Juarez Garcia, Daniela"]
[Result "1-0"]
[WhiteElo "1898"]
[BlackElo "1625"]
[PlyCount "71"]
[EventDate "2021.09.02"]
[EventType "team (rapid)"]
[EventRounds "9"]
[EventCountry "USA"]
[SourceTitle "CBM 204 Extra"]
[Source "ChessBase"]
[SourceDate "2021.11.30"]
[SourceVersion "1"]
[SourceVersionDate "2021.11.30"]
[SourceQuality "1"]
[WhiteTeam "Costa Rica"]
[BlackTeam "Guatemala"]
[WhiteTeamCountry "CRI"]
[BlackTeamCountry "GUA"]

1. Nf3 Nf6 2. g3 d5 3. Bg2 e6 4. b3 Nbd7 5. 0-0 Be7 6. c4 c5 7. e3 b6 8. Bb2 Bb7 9. Nc3 0-0 10. cxd5 exd5 11. d4 Rc8 12. dxc5 Nxc5 13. Nd4 Nfe4 14. a4 Nxc3 15. Bxc3 Ne4 16. Bb2 Bb4 17. Bxe4 dxe4 18. Qg4 Bc3 19. Bxc3 Rxc3 20. Rac1 Qc8 21. Nf5 g6 22. Ne7+ Kg7 23. Nxc8 Rfxc8 24. Rxc3 Rxc3 25. Rb1 Bd5 26. Qd7 Rd3 27. Qxa7 Bxb3 28. Qxb6 Bxa4 29. h4 h5 30. Qa5 Bc6 31. Qe5+ Kh7 32. Rb8 Rd1+ 33. Kh2 g5 34. Rh8+ Kg6 35. Rg8+ Kh6 36. Qg7# 1-0

[Event "Pan American-ch Hybrid U16 Girls 31st"]
[Site "Tornelo INT"]
[Date "2021.09.04"]
[Round "5"]
[White "Juarez Garcia, Daniela"]
[Black "Monteiro, Helen Ramazzotte"]
[Result "1-0"]
[WhiteElo "1625"]
[BlackElo "1302"]
[PlyCount "49"]
[EventDate "2021.09.04"]
[EventType "swiss"]
[EventRounds "9"]
[EventCountry "NET"]
[SourceTitle "EXT 2023"]
[Source "ChessBase"]
[SourceDate "2022.10.05"]
[SourceVersion "1"]
[SourceVersionDate "2022.10.05"]
[SourceQuality "1"]

1. e4 e6 2. d4 d5 3. e5 c5 4. c3 Nc6 5. Nf3 Qb6 6. a3 Nge7 7. b4 cxd4 8. cxd4 Nf5 9. Bb2 h5 10. h4 Be7 11. g3 Bd7 12. Qd3 Rc8 13. Nbd2 a6 14. Bh3 Nh6 15. Nb3 Na7 16. Ng5 f6 17. Qg6+ Kf8 18. Nc5 Bxc5 19. dxc5 Be8 20. exf6 Bxg6 21. fxg7+ Ke7 22. cxb6 Rhg8 23. bxa7 Nf5 24. 0-0 Nxg7 25. Rac1 1-0

[Event "Wch FIDE Online U14 Girls America qual"]
[Site "Tornelo INT"]
[Date "2020.12.02"]
[Round "2"]
[White "Juarez Garcia, Daniela"]
[Black "Eswaran, Aksithi"]
[Result "1/2-1/2"]
[WhiteElo "1629"]
[BlackElo "1745"]
[PlyCount "66"]
[EventDate "2020.12.01"]
[EventType "swiss (rapid)"]
[EventRounds "7"]
[EventCountry "ISS"]
[SourceTitle "EXT 2022"]
[Source "ChessBase"]
[SourceDate "2021.10.06"]
[SourceVersion "1"]
[SourceVersionDate "2021.10.06"]
[SourceQuality "1"]

1. e4 c5 2. c3 d5 3. exd5 Qxd5 4. Nf3 Nc6 5. d3 Bg4 6. Be2 e6 7. 0-0 Nf6 8. h3 Bh5 9. Bf4 Be7 10. Nbd2 0-0 11. Bh2 Rfd8 12. Qb3 Qd7 13. Rad1 Nd5 14. Nc4 Bf6 15. Rfe1 Qe7 16. Nfe5 Nxe5 17. Nxe5 Bxe5 18. Bxe5 Bg6 19. Bf3 Rac8 20. a3 Nb6 21. c4 Rd7 22. Bh2 Rcd8 23. Be4 Bxe4 24. Rxe4 Qf6 25. Rf4 Qg6 26. Rf3 Rd4 27. Be5 R4d7 28. Rg3 Qf5 29. Bxg7 Rc8 30. Bh6+ Kh8 31. Bg7+ Kg8 32. Bh6+ Kh8 33. Bg7+ Kg8 1/2-1/2

[Event "Wch FIDE Online U14 Girls America qual"]
[Site "Tornelo INT"]
[Date "2020.12.01"]
[Round "1"]
[White "Rojas Mora, Maria Salvadora"]
[Black "Juarez Garcia, Daniela"]
[Result "1-0"]
[WhiteElo "1034"]
[BlackElo "1629"]
[PlyCount "55"]
[EventDate "2020.12.01"]
[EventType "swiss (rapid)"]
[EventRounds "7"]
[EventCountry "ISS"]
[SourceTitle "EXT 2022"]
[Source "ChessBase"]
[SourceDate "2021.10.06"]
[SourceVersion "1"]
[SourceVersionDate "2021.10.06"]
[SourceQuality "1"]

1. e4 e5 2. d4 d6 3. dxe5 dxe5 4. Qxd8+ Kxd8 5. Nf3 Nc6 6. Nc3 Bc5 7. Bc4 h6 8. Bxf7 Nge7 9. Bd2 Rf8 10. Bb3 g5 11. h3 Ng6 12. 0-0-0 Ke8 13. Rhf1 Bd7 14. Nd5 Rc8 15. Bc3 Bxh3 16. Nxe5 Ncxe5 17. gxh3 Bxf2 18. Rd2 Bg3 19. Rxf8+ Kxf8 20. Rg2 Bh4 21. Rg1 c6 22. Rf1+ Kg7 23. Ne7 Nxe7 24. Bxe5+ Kh7 25. Rf7+ Kg6 26. Rxe7 Rf8 27. Rg7+ Kh5 28. Bf7+ 1-0

[Event "Online Olym Div3 E"]
[Site "Chess.com INT"]
[Date "2020.08.08"]
[Round "5.1"]
[White "Juarez Garcia, Daniela"]
[Black "Sanchez Marcelino, Jennifer"]
[Result "1-0"]
[WhiteElo "1625"]
[BlackElo "1614"]
[PlyCount "67"]
[EventDate "2020.08.07"]
[EventType "team-tourn (rapid)"]
[EventRounds "9"]
[EventCountry "USA"]
[SourceTitle "CBM 198"]
[Source "ChessBase"]
[SourceDate "2020.10.31"]
[SourceVersion "1"]
[SourceVersionDate "2020.10.31"]
[SourceQuality "1"]
[WhiteTeam "Guatemala"]
[BlackTeam "Dominican Republic"]
[WhiteTeamCountry "GUA"]
[BlackTeamCountry "DOM"]

1. e4 e5 2. Nf3 Nc6 3. Bc4 Bc5 4. d3 Nf6 5. h3 h6 6. c3 0-0 7. Bb3 Bb6 8. Nbd2 d6 9. Nf1 Be6 10. Bc2 d5 11. Qe2 dxe4 12. dxe4 Qd6 13. g4 Rad8 14. Ng3 Nd7 15. Nh4 Nc5 16. Nhf5 Bxf5 17. Nxf5 Qd7 18. g5 hxg5 19. Bxg5 f6 20. Bd2 Nd3+ 21. Bxd3 Qxd3 22. Rg1 Qxe2+ 23. Kxe2 g5 24. h4 Bxf2 25. Rg2 Bb6 26. hxg5 fxg5 27. Bxg5 Rd7 28. Bh6+ Kf7 29. Bxf8 Kxf8 30. Rh1 Ne7 31. Rh8+ Kf7 32. Rg7+ Kf6 33. Rh6+ Ng6 34. Rhxg6# 1-0

[Event "Pan American-ch School U13 Girls"]
[Site "Medellin"]
[Date "2019.11.16"]
[Round "8"]
[White "Juarez Garcia, Daniela"]
[Black "Mogollon Tobar, Nicolle Juliet"]
[Result "1/2-1/2"]
[WhiteElo "1563"]
[BlackElo "1662"]
[PlyCount "70"]
[EventDate "2019.11.12"]
[EventType "swiss"]
[EventRounds "9"]
[EventCountry "COL"]
[SourceTitle "CBM 193 Extra"]
[Source "ChessBase"]
[SourceDate "2020.01.31"]
[SourceVersion "1"]
[SourceVersionDate "2020.01.31"]
[SourceQuality "1"]

1. e4 e6 2. d3 d5 3. Nd2 Nf6 4. g3 Be7 5. Bg2 0-0 6. Ngf3 c5 7. 0-0 Nc6 8. e5 Nd7 9. Re1 Qc7 10. Qe2 b6 11. Nf1 Re8 12. Bf4 Nf8 13. h4 Ng6 14. N1h2 Nxf4 15. gxf4 h6 16. c3 Bd8 17. Nd2 f5 18. Qf3 Qf7 19. Qg3 Bb7 20. Bf3 Kf8 21. Kh1 Ke7 22. Rg1 Rg8 23. Qg6 Bc7 24. Bh5 Nd8 25. Qxf7+ Nxf7 26. Bxf7 Kxf7 27. Nhf3 Bd8 28. Kh2 Be7 29. Kh3 Rab8 30. h5 g5 31. hxg6+ Rxg6 32. Rxg6 Kxg6 33. Rg1+ Kf7 34. Nh4 Rg8 35. Rxg8 Kxg8 1/2-1/2

[Event "Pan American-ch School U13 Girls"]
[Site "Medellin"]
[Date "2019.11.14"]
[Round "4"]
[White "Guerrero Caicedo, Arlette Sabina"]
[Black "Juarez Garcia, Daniela"]
[Result "0-1"]
[WhiteElo "1371"]
[BlackElo "1563"]
[PlyCount "70"]
[EventDate "2019.11.12"]
[EventType "swiss"]
[EventRounds "9"]
[EventCountry "COL"]
[SourceTitle "CBM 193 Extra"]
[Source "ChessBase"]
[SourceDate "2020.01.31"]
[SourceVersion "1"]
[SourceVersionDate "2020.01.31"]
[SourceQuality "1"]

1. e4 e5 2. Nf3 Nc6 3. Bb5 a6 4. Ba4 b5 5. Bb3 Bc5 6. 0-0 Nf6 7. c3 0-0 8. Re1 d6 9. d4 exd4 10. cxd4 Bb6 11. h3 Na5 12. Bc2 Bb7 13. Bg5 Re8 14. Nbd2 h6 15. Bh4 g5 16. Bg3 d5 17. e5 Ne4 18. Nf1 Nc6 19. Ne3 Re6 20. Bh2 Rg6 21. Nxd5 Nxf2 22. Kxf2 Qxd5 23. Be4 Qd7 24. Bxg6 Nxd4 25. Bd3 Nxf3+ 26. Ke2 Qd4 27. Bh7+ Kxh7 28. Qxd4 Nxd4+ 29. Kd3 Rd8 30. Kc3 b4+ 31. Kc4 Nc2 32. Rec1 Nxa1 33. Rxa1 Rd4+ 34. Kb3 Bxg2 35. Rc1 Bd5+ 0-1

[Event "Pan American-ch School U13 Girls"]
[Site "Medellin"]
[Date "2019.11.14"]
[Round "5"]
[White "Juarez Garcia, Daniela"]
[Black "Jimenez Salas, Maria Teresa"]
[Result "0-1"]
[WhiteElo "1563"]
[BlackElo "1430"]
[PlyCount "72"]
[EventDate "2019.11.12"]
[EventType "swiss"]
[EventRounds "9"]
[EventCountry "COL"]
[SourceTitle "CBM 193 Extra"]
[Source "ChessBase"]
[SourceDate "2020.01.31"]
[SourceVersion "1"]
[SourceVersionDate "2020.01.31"]
[SourceQuality "1"]

1. e4 c5 2. Nf3 e6 3. c3 Nf6 4. d3 Nc6 5. Be2 Qc7 6. Nbd2 Be7 7. 0-0 0-0 8. Re1 a6 9. a4 b6 10. Nc4 d5 11. exd5 exd5 12. Na3 Bg4 13. Bg5 Rfe8 14. d4 c4 15. Ne5 Bxe2 16. Rxe2 Ne4 17. Bxe7 Nxe7 18. Naxc4 Nxc3 19. bxc3 dxc4 20. d5 Red8 21. Rd2 Rd6 22. Qf3 Rad8 23. Re1 Kf8 24. Qf4 Qc5 25. Ng4 Rxd5 26. Rxd5 Nxd5 27. Qd4 Qxd4 28. cxd4 b5 29. axb5 axb5 30. Ne5 f6 31. Nf3 b4 32. Rb1 Rb8 33. Rb2 Ke7 34. Kf1 Nc3 35. Ke1 Kd6 36. Kd2 Nd5 0-1

[Event "Pan American-ch U14 Girls"]
[Site "Guayaquil"]
[Date "2019.07.27"]
[Round "9"]
[White "Juarez Garcia, Daniela"]
[Black "Vega Paucar, Emely Bachellet"]
[Result "0-1"]
[WhiteElo "1653"]
[BlackElo "1700"]
[PlyCount "88"]
[EventDate "2019.07.21"]
[EventType "swiss"]
[EventRounds "9"]
[EventCountry "ECU"]
[SourceTitle "EXT 2020"]
[Source "ChessBase"]
[SourceDate "2019.10.17"]
[SourceVersion "1"]
[SourceVersionDate "2019.10.17"]
[SourceQuality "1"]

1. e4 c5 2. Bc4 d6 3. c3 Nf6 4. d3 Nc6 5. Nf3 Bg4 6. Nbd2 g6 7. h3 Bxf3 8. Nxf3 Bg7 9. 0-0 0-0 10. Re1 a6 11. a4 d5 12. exd5 Nxd5 13. Bxd5 Qxd5 14. Qc2 Rad8 15. Rd1 e5 16. Be3 Rd7 17. Ne1 Rfd8 18. f3 Bf6 19. Bf2 Qd6 20. b3 Ne7 21. g3 Bg7 22. Kg2 f5 23. b4 cxb4 24. cxb4 Qxb4 25. Bc5 Qa5 26. Qb3+ Nd5 27. Rac1 Kh8 28. Kf2 b6 29. Ba3 Bh6 30. Rc6 b5 31. axb5 axb5 32. Bb2 Qa7+ 33. Ke2 Bg7 34. Nc2 f4 35. g4 Ne3 36. Ra1 Qb7 37. Nb4 Nd5 38. Raa6 Nxb4 39. Qxb4 Rxd3 40. Rab6 Qd7 41. Bc3 Re3+ 42. Kf2 Qd5 43. Be1 Qxf3+ 44. Kg1 Re2 0-1

[Event "Pan American-ch U14 Girls"]
[Site "Guayaquil"]
[Date "2019.07.25"]
[Round "7"]
[White "Juarez Garcia, Daniela"]
[Black "Yellamraju, Aparna"]
[Result "1/2-1/2"]
[WhiteElo "1653"]
[BlackElo "1471"]
[PlyCount "44"]
[EventDate "2019.07.21"]
[EventType "swiss"]
[EventRounds "9"]
[EventCountry "ECU"]
[SourceTitle "EXT 2020"]
[Source "ChessBase"]
[SourceDate "2019.10.17"]
[SourceVersion "1"]
[SourceVersionDate "2019.10.17"]
[SourceQuality "1"]

1. e4 e6 2. d4 d5 3. e5 c5 4. c3 Nc6 5. Nf3 Qb6 6. a3 cxd4 7. cxd4 f6 8. exf6 Nxf6 9. Nc3 Bd6 10. Na4 Qc7 11. b4 0-0 12. Be2 Ne4 13. 0-0 Bd7 14. Bb2 b6 15. Rc1 Qb7 16. Qd3 Bf4 17. Rb1 Nf6 18. g3 Bd6 19. Ne5 Rad8 20. f4 g6 21. g4 Ne7 22. Nc3 Ne8 1/2-1/2

[Event "Pan American-ch U14 Girls"]
[Site "Guayaquil"]
[Date "2019.07.21"]
[Round "1"]
[White "Villagomez Muenala, Saya Emily"]
[Black "Juarez Garcia, Daniela"]
[Result "0-1"]
[WhiteElo "1205"]
[BlackElo "1653"]
[PlyCount "106"]
[EventDate "2019.07.21"]
[EventType "swiss"]
[EventRounds "9"]
[EventCountry "ECU"]
[SourceTitle "EXT 2020"]
[Source "ChessBase"]
[SourceDate "2019.10.17"]
[SourceVersion "1"]
[SourceVersionDate "2019.10.17"]
[SourceQuality "1"]

1. e4 e5 2. Nf3 Nc6 3. d4 exd4 4. Bc4 Nf6 5. e5 Ng4 6. 0-0 Be7 7. Re1 d6 8. e6 fxe6 9. Bxe6 Bxe6 10. Rxe6 0-0 11. h3 Nge5 12. Nxe5 dxe5 13. Qg4 Qd7 14. Rg6 Qxg4 15. Rxg4 Nb4 16. Na3 Rf7 17. Bd2 Raf8 18. f3 Nd5 19. Re4 Bxa3 20. bxa3 Re8 21. Rae1 Rfe7 22. Bb4 Re6 23. Bd2 Nf6 24. R4e2 e4 25. fxe4 Nxe4 26. Bf4 c5 27. h4 c4 28. Bd2 Kf7 29. Rf1+ Rf6 30. Rfe1 Rfe6 31. Rf1+ Nf6 32. Ref2 Re2 33. Bg5 Rxf2 34. Rxf2 h6 35. Bd2 c3 36. Bf4 Re4 37. Bg3 Ke6 38. Rf3 Re2 39. Bf2 Kd5 40. Rd3 Rd2 41. Rf3 Rxc2 42. Rf5+ Ke4 43. Rc5 Ng4 44. Be1 Rc1 45. Kf1 Ne3+ 46. Kf2 Rc2+ 47. Kg1 Rxg2+ 48. Kh1 c2 49. Rc7 Re2 50. Bb4 Rf2 51. Re7+ Kd3 52. Rxg7 c1Q+ 53. Rg1 Qc6+ 0-1

[Event "Wch U12 Girls"]
[Site "Santiago de Compostela"]
[Date "2018.11.04"]
[Round "1"]
[White "Starosta, Martyna"]
[Black "Juarez Garcia, Daniela"]
[Result "1-0"]
[WhiteElo "1790"]
[BlackElo "1511"]
[PlyCount "157"]
[EventDate "2018.11.04"]
[EventType "swiss"]
[EventRounds "11"]
[EventCountry "ESP"]
[SourceTitle "EXT 2022"]
[Source "ChessBase"]
[SourceDate "2021.10.06"]
[SourceVersion "1"]
[SourceVersionDate "2021.10.06"]
[SourceQuality "1"]

1. e4 e5 2. Nf3 Nc6 3. Bb5 a6 4. Ba4 Nf6 5. 0-0 b5 6. Bb3 d6 7. a4 Rb8 8. h3 Be7 9. c3 0-0 10. Re1 Bb7 11. d3 h6 12. Nbd2 Re8 13. Nf1 Bf8 14. Ng3 Bc8 15. Nh4 Na5 16. Bc2 Nb7 17. Nhf5 Bxf5 18. Nxf5 Kh7 19. d4 g6 20. Ng3 c5 21. Be3 Qc7 22. h4 Qc8 23. Bd3 exd4 24. cxd4 c4 25. Bc2 Qg4 26. Qxg4 Nxg4 27. Bf4 h5 28. f3 Nh6 29. e5 d5 30. Nxh5 Ng8 31. Kf2 Rbc8 32. Bg5 b4 33. Nf4 b3 34. e6 bxc2 35. exf7 Rxe1 36. fxg8Q+ Kxg8 37. Rxe1 c3 38. bxc3 Rxc3 39. Nxd5 Rc4 40. Ke2 Ba3 41. Bc1 Bxc1 42. Rxc1 Nd6 43. Ne3 Rxd4 44. Rxc2 Rxa4 45. Rc6 Nb5 46. Rxg6+ Kf7 47. Rg4 Ra2+ 48. Kd3 Ra3+ 49. Ke4 Nd6+ 50. Kd5 Ne8 51. Kd4 Nf6 52. Rf4 Ra4+ 53. Ke5 Ra5+ 54. Kd6 Kg6 55. Ke6 Ne8 56. Rg4+ Kh7 57. Rg5 Ra3 58. Nf5 Rd3 59. Kf7 Nd6+ 60. Nxd6 Rxd6 61. Rh5+ Rh6 62. Rxh6+ Kxh6 63. Ke6 a5 64. Kd5 Kh5 65. g3 a4 66. Kc4 a3 67. Kb3 Kg6 68. g4 Kf6 69. Kxa3 Ke5 70. h5 Kf6 71. Kb4 Kg5 72. f4+ Kh6 73. Kc5 Kg7 74. Kd5 Kf6 75. h6 Kg6 76. g5 Kh7 77. Ke6 Kg6 78. f5+ Kh7 79. f6 1-0